Szczegóły MARC21

Marketing - sposób myślenia i działania /

003 -Nazwa inst., której nr kontr. jest w polu 001 [,]
    • @
    • Nazwa instytucji, której n kontrolny jest w polu 001
    • NUKAT
005 -DATA I CZAS OSTATNIEJ MODYFIKACJI [,]
    • @
    • pole kontrolne
    • 20241231101516.0
020 -Międzynarod. znormalizowany nr książki - ISBN [ , ]
    • a
    • Numer ISBN
    • 8372411395 Find
040 -Instytucja sporządzająca opis [ , ]
    • a
    • Instytucja, która sporządziła opis (NP)
    • KR 122/TZ
    • c
    • Instytucja, która sporządziła rekord (NP)
    • KR 122/TZ
    • d
    • Instytucja, która zmodyfikowała rekord (P)
    • KR 122/MN
    • d
    • Instytucja, która zmodyfikowała rekord (P)
    • Ł U/MSs
942 -Rodzaj dokumentu [ , ]
    • c
    • Rodzaj dokumentu
    • Książka
245 -Strefa tytułu i oznaczenia odpowiedzialności [0,0]
    • a
    • Tytuł
    • Marketing - sposób myślenia i działania / Find
    • c
    • Pozostałe elementy strefy tytułu i oznaczenia odpowiedzialności (NP)
    • pod red. Józefa Perenca ; aut. poszczeg. części Leszek Gracz [et al.] ; Uniwersytet Szczeciński.
260 -Strefa adresu wydawniczego [ , ]
    • a
    • Miejsce wydania (P)
    • Szczecin :
    • b
    • Nazwa wydawcy (P)
    • Wydaw. Naukowe Uniwersytetu Szczecińskiego,
    • c
    • Data wydania (P)
    • 2001.
300 -Strefa opisu fizycznego [ , ]
    • a
    • Określenie formy książki i/lub objętość (NP)
    • 342 s. :
    • b
    • Oznaczenie ilustracji (NP)
    • il. ;
    • c
    • Format (NP)
    • 24 cm.
336 -Typ zawartości [ , ]
    • a
    • Termin opisujący typ zawartości
    • Tekst
    • b
    • Kod określający zawartość
    • txt
    • 2
    • Źródło (terminu i kodu)
    • rdacontent
337 -Typ mediów [ , ]
    • a
    • Tryb odtwarzania
    • Bez urządzenia pośredniczącego
    • b
    • Kod typu mediów
    • n
    • 2
    • Źródło (terminu i kodu)
    • rdamedia
338 -Typ/rodzaj nośnika [ , ]
    • a
    • Hasło opisujące typ nośnika
    • Wolumin
    • b
    • Kod typu nośnika
    • nc
    • 2
    • Źródło (terminu i kodu)
    • rdacarrier
504 -Uwaga dot. bibliogr. załącznikowej [ , ]
    • a
    • Uwaga dot. bibliografii załącznikowej
    • Bibliogr. s. 331-337.
080 -Uniwersalna Klasyfikacja Dziesiętna [ , ]
    • 2
    • Identyfikator wydania tablic
    • UDC-P058
    • a
    • Symbol klasyfikacji
    • 339.138
    • b
    • Dopowiedzenie
    • Marketing. Badania marketingowe.
650 -Hasło przedmiotowe [ ,7]
    • a
    • Hasło przedmiotowe
    • Marketing
    • v
    • Określnik formalny
    • podręczniki akademickie.
    • 2
    • Źródło terminu
    • kaba
    • 9
    • KHW
    • 350294
980 -Symbol UKD [ , ]
    • a
    • UKD
    • 339.138
700 -Hasło dodatkowe - nazwa osobowa [1, ]
    • a
    • Nazwa osobowa (NP)
    • Perenc, Józef Find
    • d
    • Daty biograficzne (NP)
    • (1945- ).
    • e
    • Określenie rodzaju współpracy
    • Red.
    • 9
    • KHW
    • 854
700 -Hasło dodatkowe - nazwa osobowa [1, ]
    • a
    • Nazwa osobowa (NP)
    • Gracz, Leszek. Find
    • 9
    • KHW
    • 855
710 -Hasło dodatkowe - nazwa ciała zbiorowego [2, ]
    • a
    • Nazwa ciała zbiorowego lub nazwa geograficzna jako pierwszy element (NP)
    • Uniwersytet Szczeciński.
    • b
    • Nazwa jednostki podrzędnej (P)
    • Wydawnictwo Naukowe.
    • 4
    • Kod relacji
    • pbl
    • 9
    • KHW
    • 51208
920 -ISBN [ , ]
    • a
    • ISBN
    • 83-7241-139-5 Find
Sygnatura Numer inwentarzowy Status udost. Lokalizacja Data inwentaryzacji
 E.67645-2BE2001-02-28
 S.87746-3BE2001-02-28
 S.87747-3BE2001-02-28
 S.877482BE2001-02-28
 S.87749-3BE2001-02-28
 S.87750-3BE2001-02-28
 S.87751-3BE2001-02-28
 S.92138-2BE2005-11-14
 Z.97247-6BG2001-02-28
 Z.994981BG2002-10-28
T.4281T.4281-2T2001-02-28
T.4282T.4282-6T2001-02-28
T.4283T.4283-6T2001-02-28
T.4284T.4284-6T2001-02-28
T.4285T.4285-6T2001-02-28
T.4286T.4286-2T2001-02-28
T.4287T.4287-6T2001-02-28
T.4288T.4288-6T2001-02-28
T.4289T.4289-6T2001-02-28
T.4290T.4290-6T2001-02-28
T.4291T.4291-6T2001-02-28
T.4292T.4292-6T2001-02-28
T.4293T.4293-6T2001-02-28
T.4294T.4294-6T2001-02-28
T.4295T.4295-6T2001-02-28
 T.42962T2001-02-28
T.4297T.4297-6T2001-02-28
T.4298T.4298-6T2001-02-28
T.4299T.4299-6T2001-02-28
T.4300T.4300-6T2001-02-28
T.5853T.5853-6T2001-11-09
T.5854T.5854-6T2001-11-09
T.5855T.5855-6T2001-11-09
T.5856T.5856-6T2001-11-09
T.5857T.5857-6T2001-11-09
TM.353TM.353-6T2002-10-28
TM.354TM.354-6T2002-10-28
TM.355TM.355-3T2002-10-28
TM.356TM.356-6T2002-10-28
TM.542TM.542-3T2003-01-22
TM.543TM.543-6T2003-01-22
TM.544TM.544-3T2003-01-22
TM.1318TM.1318-6T2003-04-22
TM.1319TM.1319-6T2003-04-22
TM.1320TM.1320-6T2003-04-22
TM.1321TM.1321-6T2003-04-22
TM.1322TM.1322-6T2003-04-22
TM.1323TM.1323-6T2003-04-22
TM.1324TM.1324-6T2003-04-22
TM.1679TM.1679-6T2003-10-17
TM.1680TM.1680-6T2003-10-17
TM.1681TM.1681-6T2003-10-17
TM.1682TM.1682-6T2003-10-17
TM.1683TM.1683-6T2003-10-17
TM.1684TM.1684-6T2003-10-17
TM.1942TM.1942-6T2003-12-11
TM.2032TM.2032-6T2004-01-28
TM.2033TM.2033-6T2004-01-28
TM.2034TM.2034-6T2004-01-28
TM.2035TM.2035-6T2004-01-28
TM.2036TM.2036-6T2004-01-28
TM.2037TM.2037-6T2004-01-28
TM.2038TM.2038-3T2004-01-28
TM.2039TM.2039-3T2004-01-28
TM.2040TM.2040-3T2004-01-28
TM.2041TM.2041-3T2004-01-28
TM.2779TM.2779-6T2004-12-06
TM.2780TM.2780-6T2004-12-06
TM.3805TM.3805-3T2006-02-07
TM.3806TM.3806-6T2006-02-07
TM.4946TM.4946-6T2007-09-12
TM.4942TM.4942-6T2007-09-06
TM.6781TM.6781-3T2009-08-18
TM.7197TM.7197-6T2010-05-20
TM.8578TM.8578-3T2012-06-26
TM.9885TM.9885-3T2013-12-17
TM.11767TM.11767-6T2014-11-26